000 00613nam a2200193Ia 4500
003 SISC
005 20180912132301.0
008 180905s9999 xx 000 0 und d
020 _a9780766086616
050 _aLB 1047.3
_b .G745 2018
100 _aGreen, Lyric
245 _cLyric Green; Ann Graham Gaines
_aFuture ready research papers/
260 _aNY :
_bEnslow Publishing,
_c2018
300 _a48 pages :
_bcolored illustrations ;
_c24 cm.
500 _aincludes index and bibliography
650 _areport writing -- juvenile literature
650 _aresearch -- juvenile literature
942 _2lcc
_cBK
999 _c358542
_d358542